<?xml version="1.0" encoding="UTF-8"?>
<marc:record xmlns:marc="http://www.loc.gov/MARC21/slim">
   <marc:leader>00000nam a2200000 a 4500</marc:leader>
   <marc:datafield ind1="1" ind2=" " tag="100">
      <marc:subfield code="a">HUGHES, CATHERINE D.</marc:subfield>
      <marc:subfield code="4">aut</marc:subfield>
      <marc:subfield code="e">Verfasser/-in</marc:subfield>
   </marc:datafield>
   <marc:datafield ind1="1" ind2=" " tag="100">
      <marc:subfield code="a">Ostlaender, Annette :</marc:subfield>
   </marc:datafield>
   <marc:datafield ind1="0" ind2="0" tag="245">
      <marc:subfield code="a">Mein grosses Buch der Haustiere</marc:subfield>
   </marc:datafield>
   <marc:datafield ind1="0" ind2="0" tag="245">
      <marc:subfield code="c">CATHERINE D. HUGHES; Übersetzung: Annette Ostlaender</marc:subfield>
   </marc:datafield>
   <marc:datafield ind1=" " ind2="1" tag="264">
      <marc:subfield code="c">2019</marc:subfield>
   </marc:datafield>
   <marc:datafield ind1="1" ind2=" " tag="490">
      <marc:subfield code="a">National Geographic Kids</marc:subfield>
   </marc:datafield>
   <marc:datafield ind1="1" ind2=" " tag="520">
      <marc:subfield code="a">C. Hughes "Mein grosses Buch der Dinosaurier") greift in diesem Band auf 127 Seiten das Thema "Haustiere" auf. Fünf Kapitel teilen das Buch auf. Nacheinander geht es um Familientiere allgemein, Hunde, Katzen, andere Pelztiere und schliesslich um Vögel und Tiere mit Schuppen. Am Ende stehen Elterntipps, Glossar, weitere Quellen und ein Register zur Verfügung. Der Titel erfüllt somit formal alle Kriterien eines guten Kindersachbuches. Auch inhaltlich wurde einiges richtig gemacht. Zunächst einmal die Domestizierung unserer Haustiere aufzugreifen ermöglicht einen guten Einstieg in die Thematik. Die Haltung von Hunden und Katzen ist sehr gut beschrieben. Auch auf das wichtige Thema "Tiere aus dem Tierheim" wird eingegangen. Bei den Kaninchen hätte man jedoch die Paarhaltung erwähnen sollen. Auch beim Nymphensittich ist die Haltung nicht ideal beschrieben. Ein Goldfischglas als Haltung ist ebenso ungeeignet! Trotz kleiner Schwächen ein Buch, das gut angewendet werden kann, um Kindern die Haltung von Tieren näherzubringen. Zum Thema sind kaum Titel aktuell erhältlich. Ab 5</marc:subfield>
   </marc:datafield>
   <marc:datafield ind1=" " ind2=" " tag="020">
      <marc:subfield code="a">9788854043596</marc:subfield>
      <marc:subfield code="9">9788854043596</marc:subfield>
   </marc:datafield>
   <marc:datafield ind1=" " ind2=" " tag="020">
      <marc:subfield code="a">8854043591</marc:subfield>
      <marc:subfield code="9">8854043591</marc:subfield>
   </marc:datafield>
   <marc:datafield ind1=" " ind2=" " tag="500">
      <marc:subfield code="a">Übersetzung: Annette Ostlaender</marc:subfield>
   </marc:datafield>
   <marc:datafield ind1=" " ind2=" " tag="300">
      <marc:subfield code="a">127 Seiten</marc:subfield>
   </marc:datafield>
</marc:record>
